|
|
|
|
| LEADER |
00000nam0a2200000 4500 |
| 001 |
375106 |
| 005 |
20231102012715.0 |
| 035 |
|
|
|a (RuTPU)RU\TPU\retro\32541
|
| 035 |
|
|
|a RU\TPU\book\250943
|
| 090 |
|
|
|a 375106
|
| 100 |
|
|
|a 20221220d1940 m y0rusy50 ca
|
| 101 |
0 |
|
|a rus
|
| 102 |
|
|
|a RU
|
| 105 |
|
|
|a a j 000zy
|
| 200 |
1 |
|
|a Петрография осадочных пород
|e учебное пособие для втузов
|h Ч. 1. Основы литологии (петрологии) осадочных пород
|f Л. В. Пустовалов
|
| 210 |
|
|
|a Москва
|a Ленинград
|c Гостоптехиздат
|d 1940
|
| 215 |
|
|
|a 476 с.
|c ил.
|
| 316 |
|
|
|5 63413507: КР-141
|a На титульном листе владельческая подпись : "К. Радугин"
|
| 317 |
|
|
|5 63413507: КР-141
|a Поступила в НТБ в составе книжного собрания профессора ТПИ К. В. Радугина в 2004 г.
|
| 330 |
|
|
|a «Петрография осадочных пород» проф. д-ра Л. В. Пустовалова выходит в свет в двух частях. В первой части разбираются общие вопросы осадочного породообразования. Осадочный литогенез, протекающий на фоне геологического развития Земли, разбирается во всех его звеньях—от разрушения материнских пород до стадии эпигенетических («вторичных») процессов, совершающихся в древних осадочных толщах. Особое внимание уделено при этом осадочной дифференциации вещества и периодичности минерального осадконакопления; оригинальная разработка этих проблем дала возможность автору наметить общие закономерности, существующие в вещественном составе и стратиграфо-территориальном размещении осадочных пород и связанных с ним полезных ископаемых. Вторая часть отведена описанию структур, текстур и окраски осадочных образований; здесь же рассматриваются главнейшие типы осадочных пород; все изложение строится на основе литогенетических данных, освещенных в первой части книги. Настоящая книга может быть использована в качестве учебного пособия во всех втузах и вузах, где изучается петрография осадочных пород, а также аспирантами и научными работниками по геологической и петрографической специальностям.
|
| 606 |
1 |
|
|a Петрография
|2 stltpush
|3 (RuTPU)RU\TPU\subj\48701
|9 67549
|
| 606 |
1 |
|
|a Горные породы, осадочные
|x Петрография
|2 stltpush
|3 (RuTPU)RU\TPU\subj\39177
|9 59366
|
| 610 |
1 |
|
|a осадкообразование
|
| 610 |
1 |
|
|a материнские породы
|
| 610 |
1 |
|
|a разрушение
|
| 610 |
1 |
|
|a морское разложение
|
| 610 |
1 |
|
|a первичные минералы
|
| 610 |
1 |
|
|a история
|
| 610 |
1 |
|
|a химическое разложение
|
| 610 |
1 |
|
|a коллоиды
|
| 610 |
1 |
|
|a перенос
|
| 610 |
1 |
|
|a осаждение
|
| 610 |
1 |
|
|a осадконакопление
|
| 610 |
1 |
|
|a осадкообразование
|
| 610 |
1 |
|
|a диагенез
|
| 610 |
1 |
|
|a эпигенез
|
| 610 |
1 |
|
|a учебные пособия
|
| 610 |
1 |
|
|a владельческие знаки
|
| 610 |
1 |
|
|a библиотека К. В. Радугина
|
| 675 |
|
|
|a 552(075.8)
|v 3
|
| 675 |
|
|
|a 552.5(075.8)
|v 3
|
| 700 |
|
1 |
|a Пустовалов
|b Л. В.
|
| 801 |
|
1 |
|a RU
|b 63413507
|c 20130118
|
| 801 |
|
2 |
|a RU
|b 63413507
|c 20221220
|g RCR
|
| 942 |
|
|
|c BK
|